000 01170nam a2200265 i 4500
001 65854
003 ES-MaACL
005 20250927134912.0
007 t|
008 040122s1932 sp ||||1| spa d
245 0 0 _aFuero de Madrid /
_c[por Galo Sánchez ; texto y transcripción por Agustín Millares Carlo ; glosario por Rafael Lapesa].
260 _aMadrid :
_b[s.n.],
_c1932 (
_fArtes Gráf. Municipales)
300 _a73 p., [64] p. de lám. :
_bil. col. ;
_c32 cm.
490 1 _aPublicaciones del Archivo de Villa
505 8 _aContiene: Introducción / por Pedro Rico López. El Fuero de Madrid y los derechos locales castellanos / por Galo Sánchez. Texto / transcripción por Agustín Millares Carlo. Glosario / por Rafael Lapesa
650 0 4 _aFueros-
_zMadrid.
_912992
700 1 _aRico López, Pedro.
_997030
700 1 _aSánchez, Galo,
_d1892-1969
_9102368
700 1 _aMillares Carlo, Agustín,
_d1893-1980
_981176
700 0 _aLapesa, Rafael,
_d1908-2001
_970146
710 2 _aArchivo de Villa (Madrid)
_91427
830 1 _aPublicaciones del Archivo de Villa
_9226753
852 _aES-MaACL
_jF-14509
999 _c65854
_d65854